Normal view
MARC view
- Dr. Muhammad Bilal Khan Niazi
Entry Personal Name
001 - CONTROL NUMBER
- control field: 16157
003 - CONTROL NUMBER IDENTIFIER
- control field: NUST
005 - DATE AND TIME OF LATEST TRANSACTION
- control field: 20190701065230.0
008 - FIXED-LENGTH DATA ELEMENTS
- fixed length control field: 190701|| aca||aabn | a|a d
040 ## - CATALOGING SOURCE
- Original cataloging agency: NUST
- Transcribing agency: NUST
100 ## - HEADING--PERSONAL NAME
- Personal name: Dr. Muhammad Bilal Khan Niazi
670 ## - SOURCE DATA FOUND
- Source citation: Work cat.: (NUST): Beig, Bilal 16156, Development and Characterization of Polymer Coating for Slow Release Urea Fertilizer /, 2018.
